000 00739nam a22002537a 4500
001 BR6002614
003 BR-BrBNA
005 20230928095621.0
007 ta
008 230509b bl.||||| |||| 00| 0 por d
040 _aBR-BrBNA
_bpor
_cBiblioteca Nacional de Agricultura
041 _a(Por)
072 _aL00; L30; L74
_b5130
090 _ 5130 BR6002614
100 1 _aChieffi, A.
110 1 _aSecretaria da Agricultura do Estado de Sao Paulo, Sao Paulo (Brasil). Secretaria de Publicidade Agricola
_98249
245 1 _aOs muares. Sua importancia e sua criacao
260 3 _aSao Paulo, SP (Brasil):
_c1947.
300 _a141 p.
650 _aMula
650 _aCriacao
909 _a202309
_bLucia
_c55
_dLucia Elande
942 _cBK
999 _c57651
_d57651